000 07291namaa22004331i 4500
003 EG-GICUC
005 20260430221046.0
008 260430s2025 ua a|||frm||| 000 0 eng d
040 _aEG-GICUC
_beng
_cEG-GICUC
_dEG-GICUC
_erda
041 0 _aeng
_beng
_bara
049 _aDeposit
082 0 4 _a617.645
092 _a617.645
_221
097 _aM.Sc
099 _aCai01.0.09.07.M.Sc.2025.Ay.C
100 0 _aAya Mohammed Obeid,
_epreparation.
245 1 0 _aComparative evaluation of enamel superficial microstructure and microhardness following application of coral calcium nano silver versus mi paste plus tooth paste on management of white spot lesion :
_bin vitro study /
_cby Aya Mohammed Obeid ; Supervisors Prof. Eman Sayed Elmasry, Prof. Yasmin Mohamed Yousry.
246 1 5 _aتقييم مقارن للبنية المجهرية السطحية والصلابة الدقيقة بعد تطبيق كورال كالسيوم نانو سيلفر مقابل ام أي بيست بلس علي أدارة آفة البقع البيضاء :
_bدراسة معملية
264 0 _c2025.
300 _a103 pages :
_billustrations ;
_c25 cm. +
_eCD.
336 _atext
_2rda content
337 _aUnmediated
_2rdamedia
338 _avolume
_2rdacarrier
502 _aThesis (M.Sc)-Cairo University, 2025.
504 _aBibliography: pages 82-101.
520 3 _aAim:This study aimed to conduct a comparative evaluation of enamel superficial microstructure and microhardness following the application of Coral Calcium Nano Silver toothpaste versus MI Paste Plus toothpaste in the management of white spot lesions on primary molars. Methodology:Sixteen extracted primary molars were randomized into two groups (n=8). Crowns were sectioned, mounted, and a 2×2 mm window was created on the buccal enamel. Artificial white spot lesions were induced via demineralizing solution (pH 4.6, 72 hours). A 14-day remineralization protocol followed, involving daily 3-minute applications of the assigned agent (Coral Calcium Nano Silver or MI Paste Plus toothpaste) and storage in artificial saliva. Enamel surface morphology (SEM) and microhardness (Vickers) were assessed at baseline, post-demineralization, and post-remineralization. Data were analyzed with two-way ANOVA and Tukey’s test (p<0.05). Results: SEM analysis showed favorable surface changes in both groups post-remineralization. Microhardness changed significantly over time in both groups, with the highest values after remineralization and the lowest after demineralization. The Coral group showed a higher mean microhardness than the MI Paste group, but the difference was not statistically significant. Only the factor of time had a significant effect on microhardness. Conclusion: Within limitation of this in vitro study, both Coral Calcium Nano Silver and MI Paste Plus Toothpaste are equally effective in remineralizing the enamel of the primary teeth. Although, Coral Calcium Nano Silver have a higher microhardness, no significant differences were observed between the two toothpastes.
520 3 _aالهدف من هذه الدراسة:هدفَت هذه الدراسة إلى مقارنة القدرة على إعادة التمعدن من خلال تقييم البنية المجهرية السطحية للميناء والصلابة الدقيقة له، وذلك بعد تطبيق معجون أسنان يحتوي على كورال كالسيوم نانو سيلفر مقارنةً بمعجون ام أي بيست بلس في معالجة آفة البقع البيضاء على الأضراس اللبنية. الطرق البحثية: تم اختيار ستة عشر ضرسًا لبنيًا بشريًا مقلوعًا حديثًا بصورة عشوائية وقُسمت إلى مجموعتين متساويتين. تم تجهيز الأسنان بقطع التيجان وتثبيتها في الراتنج الأكريليكي، ثم إعداد نافذة موحدة في الميناء على السطح الدهليزي بمقاس ۲×۲ مم. تم إحداث آفات بيضاء صناعية عن طريق غمر العينات في محلول إزالة التمعدن (pH 4.6) لمدة ۷۲ ساعة. بعد ذلك، خضعت العينات لبروتوكول إعادة التمعدن لمدة ١٤ يومًا، مع تطبيق المادة المحددة لكل مجموعة يوميًا لمدة ثلاث دقائق، ثم حفظها في لعاب صناعي. تم تقييم الشكل السطحي باستخدام المجهر الإلكتروني الماسحوقياس الصلابة السطحية عند خط الأساس، وبعد إزالة التمعدن، وبعد إعادة التمعدن. جرى تحليل البيانات باستخدام اختبار ANOVA ، ثم تم اجراء اختبار Tukey’s post-hoc comparisons. النتائج: أظهرت نتائج التحليل بالمجهر الإلكتروني الماسح بعد إعادة التمعدن أن كلا المجموعتين أظهرتا تغيرات مورفولوجية إيجابية على سطح الميناء. أظهرت القيم المتوسطة للصلابة اختلافًا ذا دلالة إحصائية عبر الفترات الزمنية داخل كل مجموعة، حيث سُجلت أعلى القيم بعد إعادة التمعدن، تلتها قيم خط الأساس، بينما كانت أدنى القيم بعد إزالة التمعدن. وأكد التحليل البعدي أن قيم خط الأساس وإعادة التمعدن كانت أعلى بتأثير ذا دلالة إحصائيةمن قيم إزالة التمعدن. سجلت مجموعة كورال كالسيوم نانو سيلفر قيمًا متوسطة أعلى للصلابة مقارنةً بمجموعةام أي بيست بلس، إلا أن هذا الفرق لم يكن ذا دلالة إحصائية. بشكل عام، كان للوقت فقط تأثير ذا دلالة إحصائية على الصلابة، بينما لم يكن للمادة أو تفاعلها مع الوقت تأثير ذا دلالة إحصائية. الاستنتاج: في حدود هذه الدراسة المخبرية، تبين أن معجون كورال كالسيوم نانو سيلفرومعجون ام أي بيست بلس فعّالان بنفس الدرجة في إعادة تمعدن ميناء الأسنان اللبنية، وعلى الرغم من تسجيل معجون كورال كالسيوم نانو سيلفر لقيم صلابة أعلى، إلا أن الفروق بين المعجونين لم تكن ذات دلالة إحصائية
530 _aIssues also as CD.
546 _aText in English and abstract in Arabic & English.
650 0 _aPediatric Dentistry
650 0 _aطب أسنان الأطفال
653 1 _aEnamel
_awhite spot lesion
_aRemineralization
_aSurface Morphology
_aMicrohardnes
700 0 _aEman Sayed Elmasry
_ethesis advisor.
700 0 _aYasmin Mohamed Yousry
_ethesis advisor.
900 _b01-01-2025
_cEman Sayed Elmasry
_cYasmin Mohamed Yousry
_UCairo University
_FFaculty of Dentistry
_DDepartment of Pediatric Dentistry and Dental Public Health
905 _aShimaa
942 _2ddc
_cTH
_e21
_n0
999 _c179880